[Event "New Delhi Parsvnath op 6th"]
[Site "New Delhi"]
[Date "2008.01.15"]
[Round "5"]
[White "Debashis, Das"]
[Black "Ghimire, Bishwo Bijay"]
[Result "1-0"]
[WhiteElo "2279"]
[BlackElo "2095"]
[PlyCount "73"]
[EventDate "2008.01.13"]
[EventType "swiss"]
[EventRounds "10"]
[EventCountry "IND"]
[SourceTitle "CBM 122 Extra"]
[Source "ChessBase"]
[SourceDate "2008.03.04"]
[SourceVersion "1"]
[SourceVersionDate "2008.03.04"]
[SourceQuality "1"]

1. e4 Nf6 2. e5 Nd5 3. d4 e6 4. c4 Bb4+ 5. Bd2 Bxd2+ 6. Qxd2 Nb6 7. Nc3 d6 8. exd6 cxd6 9. Nf3 N8d7 10. Nb5 Nf6 11. Qb4 0-0 12. Nxd6 Ne8 13. Nxe8 Rxe8 14. Be2 Nd7 15. 0-0 b6 16. Rfe1 Bb7 17. Rad1 Rc8 18. b3 Qf6 19. Qd2 h6 20. Qe3 Kf8 21. Ne5 Nxe5 22. dxe5 Qe7 23. Rd6 Red8 24. Red1 Rxd6 25. exd6 Qd7 26. Bf3 Bxf3 27. Qxf3 Rc5 28. Qd3 a5 29. a3 f6 30. b4 axb4 31. axb4 Rc6 32. Qd4 Ke8 33. h3 Qa7 34. d7+ Kd8 35. b5 Rc7 36. Qd6 Rxd7 37. Qf8+ 1-0